|
|
|
|
| LEADER |
00000nam a2200000 a 4500 |
| 001 |
vtls001263114 |
| 003 |
SK-MaSNL |
| 005 |
20260301154943.0 |
| 008 |
240315s1946 xr 0 cze |
| 035 |
|
|
|a SNK000214013
|
| 040 |
|
|
|a SNK
|b slo
|c SNK
|e AACR2
|
| 044 |
|
|
|a xr
|c CZ
|
| 100 |
1 |
|
|a Beneš, Edvard,
|d 1884-1948
|4 aut
|9 110633
|
| 245 |
1 |
|
|a Demokracie dnes a zítra
|c Edvard Beneš
|
| 250 |
|
|
|a 3. vyd., 2. čes. vyd.
|
| 260 |
|
|
|a Praha
|b Čin
|c 1946
|
| 300 |
|
|
|a 349 s.
|c 8°
|
| 999 |
|
|
|c 798656
|d 800586
|
| 952 |
|
|
|t P60, <04>, [BOOK], {604}
|a SNK
|b SNK
|y VYP
|7 0
|p 17A0184827
|o snkIC 39561
|i snkK 2911/66
|0 0
|1 0
|4 0
|d 1996-10-09
|l 0
|r 2005-01-01 00:00:00
|w 2026-02-24
|
| 952 |
|
|
|t P60, <04>, [BOOK], {604}
|a SNK
|b SNK
|y VYP
|7 0
|p 17A0337224
|o snkIC 39561 D1
|i snkK 2432/69
|0 0
|1 1
|4 0
|d 1996-10-09
|l 0
|r 2005-01-01 00:00:00
|w 2026-02-24
|